Hodnotenie úspešnosti fúzií a akvizícií diplomová práca

Gespeichert in:
Bibliographische Detailangaben
1. Verfasser: Kucsora, Ladislav
Körperschaft: Fakulta podnikového manažmentu EU. Katedra podnikovohospodárska
Weitere Verfasser: Fabian, Peter
Format: Buch
Sprache:Slowakisch
Veröffentlicht: Bratislava 2011
Tags: Tag hinzufügen
Keine Tags, Fügen Sie das erste Tag hinzu!

MARC

LEADER 00000nbm a2200000 4500
001 0131305
005 20161109101656.4
041 0 |a slo 
044 |a SK 
245 1 0 |a Hodnotenie úspešnosti fúzií a akvizícií  |b diplomová práca  |c Ladislav Kucsora ; školiteľ: Peter Fabian 
264 1 |a Bratislava  |c 2011 
300 |a 72 s. 
100 1 |a Kucsora, Ladislav 
700 1 |a Fabian, Peter 
710 2 |a Fakulta podnikového manažmentu EU. Katedra podnikovohospodárska